| 000 | 00371nam a2200145Ia 4500 | ||
|---|---|---|---|
| 008 | 230917s9999||||xx |||||||||||||| ||und|| | ||
| 040 |
_e95043 _aMAIN |
||
| 041 | _aEnglish | ||
| 082 | _a810.9 S94S | ||
| 100 | _aRay, Mohit K, ed. | ||
| 245 | 0 | _aStudies in American literature | |
| 260 |
_aNew Delhi _bAtlantic Publishers _c2002 |
||
| 300 | _aviii, 191 p. | ||
| 942 | _cBK | ||
| 999 |
_c115083 _d115083 |
||